Карта Ставропольской губернии

RUSMARC
00005500ckm2a2200000#x 450
0013861add1-820a-4239-9b1c-e0ee3ad67b7a
00520240404135020.0
100##$a20150929l18591859k l0rusy0189 ca
1010#$arus
102##$aRU
2001#$aКарта Ставропольской губернии
$j1859 г.
251##$cДело
330##$aКарта Ставропольской губернии с показанием последних предположений о разграничении ее от Астраханской губернии и наделении магометанских народов, обитающих в Ставропольской губернии, землей
801#0$aRU
$bРГИА
$c20150929
801#1$aRU
$bГлавНИВЦ
$c20150929
$2rusmarc
801#2$aRU
$bПБ им. Б.Н. Ельцина
$c20151218
$gRCR
$2rusmarc
850##$aФедеральное казенное учреждение "Российский государственный исторический архив"
852##$aРГИА
$j207
937##$hРГИА
$d12154044
$aASBIBLIO_SCAN
462#0$1001dcd89104-8d20-40fa-811e-bb92fb080979
$12001
$aКарты, планы и чертежи Петербургского сенатского архива за 1732-1917 гг.
$vД. 207
$1251
$cОпись
$1852
$j1
461#0$1001ac81bd0a-ee7e-4d64-837e-48e7e073b90f
$12001
$aКарты, планы и чертежи Петербургского Сенатского архива (коллекция)
$1251
$cФонд
$1852
$j1399
215##$a1 лист
$d66х91 см
$cкарт.
371##$aДокумент не является опубликованным и широко распространяемым
1220#$ad1859######
105##$ab###
035##$a3861add1-820a-4239-9b1c-e0ee3ad67b7a
120##$abaa
121##$aa aaaa a
1231#$aa
124##$aa
$bd
206##$bВ одном английском дюйме 16 верст
300##$aБумага. Тушь, карандаш, акварель
300##$aРукописный текст. Чернила
607##$2nlr_sh
$3RU\NLR\AUTH\66817974
$aСтавропольская губерния
$jКарты
617##$2prlib_sh
$cСтавропольский край
605##$2acquisition_Prlib
$3LIBNET\UAF\0000057840
$aСтавропольский край: страницы истории
$lколлекция
605##$2acquisition_Prlib
$3DITM\AF\0000004675
$aТерритория
$lколлекция
686##$2rubbk
$a63.3(28-8Ста)5я64
$vLBC/M
686##$2rubbk
$a26.89(235.7)я64
$vLBC/M
Формат отображения
из 4